Online
Catalog

Historia de la guerra fria : (Record no. 36527)

MARC details
000 -CABECERA
campo de control de longitud fija 00629nam a2200169 a 4500
001 - NÚMERO DE CONTROL
campo de control 000037037
005 - FECHA Y HORA DE LA ÚLTIMA TRANSACCIÓN
campo de control 20200930080111.0
008 - DATOS DE LONGITUD FIJA--INFORMACIÓN GENERAL
campo de control de longitud fija 120209s1970 sp 000 0 spa d
040 ## - FUENTE DE LA CATALOGACIÓN
Centro catalogador/agencia de origen DO-SdBNP
Lengua de catalogación spa
Centro/agencia transcriptor BNPHU
082 ## - NÚMERO DE LA CLASIFICACIÓN DECIMAL DEWEY
Número de clasificación xxxx
Número de documento/Ítem F678h
100 1# - ENTRADA PRINCIPAL--NOMBRE DE PERSONA
Nombre de persona Fontaine, Andre
9 (RLIN) 63446
240 10 - TÍTULO UNIFORME
Título uniforme Histoire de la guerre froide ll
Lenguaje de la obra Español
245 10 - MENCIÓN DE TÍTULO
Título Historia de la guerra fria :
Resto del título de la guerra de Corea a la crisis de las alianzas 1950-1967 /
Mención de responsabilidad, etc. Andre Fontaine ; traducción de Basilio Losada Castro.
260 ## - PUBLICACIÓN, DISTRIBUCIÓN, ETC.
Lugar de publicación, distribución, etc. Barcelona :
Nombre del editor, distribuidor, etc. Luis de Caralt Editor,
Fecha de publicación, distribución, etc. 1970.
300 ## - DESCRIPCIÓN FÍSICA
Extensión 491 p. :
Otras características físicas il., retr. ;
Dimensiones 22 cm.
500 ## - NOTA GENERAL
Nota general Traducido del inglés
Holdings
Estado de retiro Estado de pérdida Restricciones de uso No para préstamo Código de colección Localización permanente Ubicación/localización actual Ubicación en estantería Fecha de adquisición Número de inventario Total de préstamos Signatura topográfica completa Código de barras Fecha visto por última vez Precio válido a partir de Tipo de ítem Koha
      Excluido de préstamo Monografías: Libros y Folletos General General En catalogación 09.02.2012 LF1   xxxx F678h 37037-10 25.06.2020 25.06.2020 No se presta
      Excluido de préstamo Monografías: Libros y Folletos General General Depósito 09.02.2012 LF1   xxxx F678h 37038-10 25.06.2020 25.06.2020 No se presta

Powered by Koha